Statistics for Major Cities by Their Suburbs

Click here to take the quiz!

General Stats

  • This quiz has been taken 14 times
  • The average score is 13 of 20

Answer Stats

SuburbsPrincipal City% Correct
Fort Worth, Arlington, PlanoDallas
92%
Ecatepec, Nezahualcoyotl, NaucalpanMexico City
92%
Suzhou, Wuxi, ChangzhouShanghai
92%
Piraeus, Peristeri, KallitheaAthens
85%
Shenzhen, Dongguan, FoshanGuangzhou
85%
Bien Hoa, Thuan An, Di AnHo Chi Minh City
85%
Sao Goncalo, Duque de Caxias, Nova IguacuRio de Janeiro
85%
Balashikha, Podolsk, KhimkiMoscow
77%
La Matanza, La Plata, Lomas de ZamoraBuenos Aires
69%
Kobe, Kyoto, SakaiOsaka
69%
L'Hospitalet de Llobregat, Terrassa, BadalonaBarcelona
62%
Surrey, Burnaby, RichmondVancouver
62%
Zarqa, Russeifa, QuwaysimahAmman
46%
Paarl, Somerset West, StellenboschCape Town
46%
Bradford, Huddersfield, WakefieldLeeds
46%
Karaj, Eslamshahr, ShahriarTehran
46%
Soacha, Mosquera, ChiaBogota
31%
Ruiru, Kikuyu, ThikaNairobi
31%
Sale, Temara, SkhiratRabat
31%
Heredia, Cartago, AlajuelaSan Jose
31%

Score Distribution

Percentile by Number Answered

Percent of People with Each Score

Your Score History

You have not taken this quiz